|
|
|
|
| LEADER |
00000nam a2200000Ia 4500 |
| 008 |
180927b1998 mx ||||| |||| 00| 0 spa d |
| 999 |
|
|
|c 2530
|d 2530
|
| 090 |
|
|
|a DOC # 1
|
| 100 |
|
|
|a Carrasco Altamirano, Alma
|9 4363
|
| 245 |
1 |
0 |
|a Enfoque, programa y método para la enseñanza de la lengua escrita en primer grado de educación primaria
|
| 260 |
|
|
|a Oaxaca, México :
|b Huaxyácac,
|c 1998
|
| 300 |
|
|
|a 4 páginas
|
| 500 |
|
|
|a En Revista Huaxyácac, no.15, mayo-agosto de 1998
|
| 650 |
1 |
4 |
|a EDUCACIÓN PRIMARIA
|9 367
|
| 650 |
1 |
4 |
|a MÉTODOS PEDAGÓGICOS
|9 824
|
| 650 |
1 |
4 |
|a ESCRITURA
|9 1189
|
| 651 |
|
4 |
|a MÉXICO
|9 19
|
| 942 |
|
|
|i 001160
|h DOC # 1
|2 z
|c 05
|